Представление документа в формате RUSMARC

ПолеНазваниеЗначение
  Тип записи a
  Библиографический уровень m
001 Контрольный номер UONB/MAIN/0283bbdf6410446f9de3fc44b44e70b3
005 Дата корректировки 20260414125104.6
010 Индекс ISBN __
b Уточнения в пер.
100 Данные общей обработки __
a Данные общей обработки 20260414d1864 u 0rusy0189 ca
101 Язык документа 0_
a Язык текста rus
c Язык оригинала ger
102 Страна публикации __
a Страна публикации RU
105 Кодированные данные (монография) __
a Кодированные данные (монография) y z 000yy
200 Заглавие и сведения об ответственности 1_
a Заглавие Новая философия
210 Выходные данные 1_
d Дата издания 1864
215 Физическое описание __
a Объем 211 с.
309 Примечания об основном источнике и о полиграфическом оформлении __
a Примечания об основном источнике и о полиграфическом оформлении Конволют
9 Инвентарный номер 41485/1
316 Примечания об особенностях экземпляра __
a Примечания об особенностях экземпляра Приплетен к кн.: Швеглер, Альберт.
8 История философии. Вып. 1 : Древняя философия. - 1864. (инв. № 41485)
9 Инвентарный номер 41485/1
461 Уровень набора _0
1 700 1
a Швеглер
b А.
g Альберт
1 2001
a История философии
e перевод с немецкого, с пятого издания
f [Соч.] Д-ра Альберта Швеглера
g под редакцией П. Д. Юркевича
v Вып. 2
1 2101
a Москва
c Изд. Р. Ульянинского
d 1864 -
1 001RU/УГОНБ/EK/15552
482 Приплетено к... _0
1 001UONB/MAIN/9ec533c7b0e44daea455e2f46283a512
1 2001
a Древняя философия
1 2101
d 1864
1 215
a 165, [3] с.
606 Тематические рубрики 0_
a Основная рубрика Философия
x Основная подрубрика История
610 Ключевые слова 0_
a Ключевые слова философия; история философии
686 Индексы других классификаций __
2 Код системы rubbk
a Классификационный индекс 87.3(0)3
801 Источник записи _0
a Страна RU
b Организация Ульяновская ОНБ
c Дата составления 20260414
g Правила каталогизации RCR
801 Источник записи _1
a Страна RU
b Организация Ульяновская ОНБ
c Дата составления 20260414
g Правила каталогизации RCR
901 Тип документа __
t Тип документа n
w Контрольный № источника RU/УГОНБ/EK/15552
909 Создатель записи __
a Создатель записи Пряхина
b Дата создания записи 20260414
935 Информация о редкой книге __
a Статус редкой книги РК